000 01697cam a22004094i 4500
003 PE-LiUPU
005 20250731184119.0
008 150616s r 000 0 d
020 _a0931464935
035 _a(Sirsi) i9780931464935
040 _aPE-LiUPU
_bspa
_cPE-LiUPU
_erda
049 _aPRUA
082 0 4 _a809.935 22
_bB39
_221
100 1 _aBerlin, Adele,
_eautor.
245 1 0 _aPoetics and interpretation of biblical narrative /
_cAdele Berlin.
264 1 _aWinona lake, Indiana :
_bEisenbrauns,
_c1994.
300 _a180 páginas ;
_c22.5 centímetros
336 _atext
_2rdacontent
337 _aunmediated
_2rdamedia
338 _avolume
_2rdacarrier
504 _aIncluye bibliografía.
505 0 _aPoetics and interpretation -- Character and characterization -- Point of view -- Poetics in the book of ruth -- Poetic interpretation and historical-critical methods -- The art of biblical narrative.
526 _aP145
526 _aP127
526 _aP97
526 _aP14
526 _aP07
630 _aBiblia como literatura.
910 _ajck
_bjvq
_cjck
942 _2ddc
_cBOOK
949 _a221.066 S77
_wDEWEY
_c1
_i43142
_lCCODEBUL1
_mBUL
_r0
_sY
_tBOOK
_u2015-6-16
_xTEOLOGIA
_zUNKNOWN
_0COMPRA
_o.STAFF. Colección General
949 _a809.935 22 B39
_wDEWEY
_c1
_i43571
_lCCODEBUL1
_mBUL
_r0
_sY
_tBOOK
_u2015-6-16
_xTEOLOGIA
_zUNKNOWN
_0COMPRA
_o.STAFF. Colección General
994 _aC0
_bPEPRU
596 _a1
999 _a809.935 22 B39
_wDEWEY
_c61099
_i43571
_d61099
_f2021-11-11
_g5
_lCCODEBUL1
_mBUL
_q1
_r0
_sY
_tBOOK
_u2015-6-16
_xTEOLOGIA
_zUNKNOWN
_0COMPRA
_o.STAFF. Colección General
980 _81
_gALBERTO SANCHEZ Responsable de Automatización